| 000 | 01092cam a2200289 4500 | ||
|---|---|---|---|
| 008 | 090401t1991 xxu||||| |||| 00| 0 eng d | ||
| 020 | _a0419153209 | ||
| 035 | _a(Sirsi) u49652 | ||
| 041 | _aeng | ||
| 050 | _a336.22 | ||
| 100 | _aMacLeary, Alistair | ||
| 245 | _aNational taxation for property management and valuation | ||
| 260 |
_aLondon _bE. and F.N. Spon _c1991 |
||
| 300 | _axii,202p. ; 24cm. | ||
| 350 | _a18.95 | ||
| 520 | _aAn introduction to taxation in the property world, written specifically for suveyors, valuers, estate agents and property developers who require a basic understanding of the subject. Provides a unified and up-to-date account of the UK taXation system, so far as it affects land, buildings and legal rights in property. Coverage includes the 1989 Finance Act and 1990 budget. | ||
| 650 | _aBETTERMENT | ||
| 650 | _aCAPITAL ALLOWANCES | ||
| 650 | _aCAPITAL GAINS TAX | ||
| 650 | _aINHERITANCE TAX | ||
| 650 | _aLAND | ||
| 650 | _aMARKET VALUE | ||
| 650 | _aOPEN MARKET VALUE | ||
| 690 | _aTAXATION | ||
| 942 | _n0 | ||
| 948 | _c04/03/1997 | ||
| 999 |
_c92584 _d92584 |
||